| 000 | 01661nam a2200289 i 4500 | ||
|---|---|---|---|
| 001 | 14972 | ||
| 003 | ES-MaACL | ||
| 005 | 20230906150942.0 | ||
| 007 | t| | ||
| 008 | 991123s1998 sp ||||1| spa d | ||
| 020 | _a84-7658-527-6 | ||
| 080 | _a5/6(091)"17"(063) | ||
| 245 | 0 | 0 |
_aDespues de Newton : _bciencia y sociedad durante la primera revolución industrial / _cAlberto Elena, Javier Ordóñez, Mariano Colubi (comps.). |
| 250 | _a1ª ed. | ||
| 260 |
_aBarcelona : _bAnthropos, _c1998. |
||
| 300 |
_a206 p. ; _c20 cm. |
||
| 490 | 1 |
_aTecnología, ciencia, naturaleza y sociedad ; _v9 |
|
| 505 | 8 | _aContiene: De la revolución científica a la revolución industrial . La marcha triunfal de un paradigma . La herencia newtoniana en la economía política del siglo XVIII . La fabricación de instrumentos científicos en la era industrial . El nacimiento y desarrollo de los conceptos de trabajo y energía en el contexto de la mecánica práctica durante la primera revolución industrial . Ciencia y sociedad en Baviera, 1750-1850 . La ciencia bajo la Revolución francesa . Las academias provinciales y la supervivencia cultural en la Francia revolucionaria y post-revolucionaria | |
| 594 | _aRecoge, con ligeras modificaciones, las conferencias pronunciadas en un simposio internacional de historia de la ciencia, celebrado en noviembre de 1988 | ||
| 650 | 4 |
_aCiencia- _vHistoria. _910954 |
|
| 700 | 1 |
_aElena, Alberto. _946927 |
|
| 700 | 1 |
_aOrdóñez, Javier. _987187 |
|
| 700 | 1 |
_aColubi, Mariano. _939907 |
|
| 830 | 1 |
_aTecnología, ciencia, naturaleza y sociedad ; _v9 _9178187 |
|
| 852 | 4 |
_aES-MaACL _jL-22237 |
|
| 999 |
_c14972 _d14972 |
||